| 000 | 00718nam a2200193Ia 4500 | ||
|---|---|---|---|
| 008 | 090123s9999 xx 000 0 und d | ||
| 082 |
_b30053 _a923.254/मोने |
||
| 100 | _aबोस शिशिर कुमार | ||
| 245 | _aनेताजी सुभाषचंद्र बोस | ||
| 250 | _a2 | ||
| 260 | _bनॅशनल प्रकाशन | ||
| 300 | _a136 | ||
| 600 | _aबोस शिशिर कुमार | ||
| 630 | _aनेताजी सुभाषचंद्र बोस | ||
| 700 | _aबोस शिशिर कुमार | ||
| 700 | _aमोने निर्मला | ||
| 730 | _aनेताजी सुभाषचंद्र बोस | ||
| 942 | _cBOOK | ||
| 999 |
_c68986 _d68986 |
||